[Event "CZECH OPEN 2011 "]
[Site "Pardubice (CZE)"]
[Date "2011.07.27"]
[Round "6.27"]
[White "Antipov, Mikhail Al"]
[Black "Gundavaa, Bayarsaikhan"]
[Result "1/2-1/2"]
[WhiteElo "2407"]
[BlackElo "2480"]
[PlyCount "74"]
[EventDate "2011.07.22"]

1. e4 c5 2. Nf3 g6 3. d4 cxd4 4. Nxd4 Nc6 5. c4 Nf6 6. Nc3 d6 7. Be2 Nxd4 8.
Qxd4 Bg7 9. Be3 O-O 10. Qd1 Be6 11. f3 Nd7 12. Qd2 a5 13. Nd5 Bxd5 14. cxd5 Nc5
15. Rc1 Qb6 16. b3 Rfc8 17. O-O Rc7 18. Kh1 Qb4 19. Rc2 Rac8 20. Rfc1 Qa3 21.
g3 h5 22. Kg2 Kh7 23. Bb5 Bf6 24. Rc4 Qb2 25. Qxb2 Bxb2 26. R1c2 Ba3 27. Bc1
Bxc1 28. Rxc1 e6 29. a3 exd5 30. exd5 Re7 31. b4 axb4 32. axb4 Re2+ 33. Kg1 Rb2
34. Rf4 Rf8 35. bxc5 Rxb5 36. c6 bxc6 37. dxc6 Kg7 1/2-1/2

[Event "CZECH OPEN 2011 "]
[Site "Pardubice (CZE)"]
[Date "2011.07.27"]
[Round "6.28"]
[White "Rojicek, Vojtech"]
[Black "Kovacevic, Blazimir"]
[Result "1/2-1/2"]
[WhiteElo "2396"]
[BlackElo "2480"]
[PlyCount "84"]
[EventDate "2011.07.22"]

1. d4 e6 2. g3 c5 3. Bg2 Nc6 4. Nf3 Qa5+ 5. c3 cxd4 6. Nxd4 Nf6 7. O-O a6 8. c4
Qc5 9. Nxc6 dxc6 10. b3 Qh5 11. e3 Qa5 12. Bb2 e5 13. Qd2 Bb4 14. Qc2 O-O 15.
a3 Be7 16. Bc3 Qc7 17. Qb2 Nd7 18. Nd2 f6 19. Rfd1 Nc5 20. Ne4 Bg4 21. Rd2 Rad8
22. Nxc5 Bxc5 23. b4 Be7 24. c5 Qc8 25. h4 Rxd2 26. Qxd2 Rd8 27. Qb2 Qe6 28.
Rc1 Bd1 29. Kh2 g6 30. e4 Bf8 31. Bd2 Qb3 32. Qxb3+ Bxb3 33. Be3 Ba4 34. Bf1
Bb5 35. Kg1 Kf7 36. Ra1 Be7 37. Bxb5 axb5 38. a4 bxa4 39. Rxa4 Ke6 40. Ra7 Rd7
41. Kf1 h5 42. Ke2 Bd8 1/2-1/2

[Event "CZECH OPEN 2011 "]
[Site "Pardubice (CZE)"]
[Date "2011.07.27"]
[Round "6.42"]
[White "Llaneza Vega, Marcos"]
[Black "Gislason, Gudmundur"]
[Result "1/2-1/2"]
[WhiteElo "2465"]
[BlackElo "2322"]
[PlyCount "128"]
[EventDate "2011.07.22"]

1. e4 g6 2. d4 Bg7 3. Nf3 d6 4. Bc4 Nf6 5. Qe2 Nc6 6. O-O O-O 7. Rd1 d5 8. exd5
Nxd5 9. h3 Nb6 10. Bb5 Qd6 11. Nc3 f5 12. Bg5 h6 13. d5 Nd4 14. Nxd4 hxg5 15.
Ne6 Bxe6 16. dxe6 Qb4 17. Rab1 c6 18. Bd3 Bxc3 19. bxc3 Qxc3 20. a4 Rab8 21. a5
Nd5 22. Bc4 Nf4 23. Qf1 b5 24. axb6 Rxb6 25. Ra1 Rb4 26. Bb3 a5 27. g3 Nh5 28.
Rd3 Qc5 29. Qd1 f4 30. g4 Nf6 31. Rd8 a4 32. Rxf8+ Kxf8 33. Rxa4 Rxa4 34. Bxa4
Ne4 35. Qf3 Qd5 36. Bb3 Qe5 37. Qd3 Kg7 38. Bc4 Nd6 39. Bb3 Qe1+ 40. Kg2 Qe4+
41. Qxe4 Nxe4 42. Ba4 c5 43. Kf3 Nc3 44. Bb3 Kf6 45. Bc4 Ke5 46. Bd3 Kxe6 47.
Bxg6 Ke5 48. Bd3 Kf6 49. Ba6 Ke5 50. Bd3 e6 51. Bc4 Nb1 52. Bd3 c4 53. Bg6 Kd4
54. Bf7 e5 55. h4 e4+ 56. Kg2 gxh4 57. g5 Ke5 58. g6 Kf6 59. Kh3 Nd2 60. Kxh4
c3 61. Kg4 e3 62. fxe3 fxe3 63. Kg3 Kg7 64. Kg2 Kf6 1/2-1/2

[Event "CZECH OPEN 2011 "]
[Site "Pardubice (CZE)"]
[Date "2011.07.27"]
[Round "6.44"]
[White "Bernadskiy, Vitaliy"]
[Black "Kjartansson, Gudmundur"]
[Result "0-1"]
[WhiteElo "2453"]
[BlackElo "2310"]
[PlyCount "102"]
[EventDate "2011.07.22"]

1. d4 d5 2. c4 e6 3. Nc3 Bb4 4. Qb3 c5 5. cxd5 exd5 6. a3 Ba5 7. Qb5+ Bd7 8.
Qd3 cxd4 9. Qxd4 Qf6 10. Nf3 Nc6 11. Qxf6 Nxf6 12. b4 Bb6 13. Bb2 Ng4 14. Nd1
f6 15. e3 O-O-O 16. Rc1 Kb8 17. Be2 Rhe8 18. O-O d4 19. b5 dxe3 20. bxc6 exf2+
21. Kh1 Rxe2 22. cxd7 Rxd7 23. h3 h5 24. Ba1 Nh6 25. Nc3 Re6 26. Kh2 Nf5 27.
Nd1 Bc7+ 28. Rxc7 Rxc7 29. Rxf2 Re3 30. Bb2 b5 31. Nd4 Nxd4 32. Bxd4 Rd3 33.
Nc3 Rcxc3 34. Bxc3 Rxc3 35. Rf5 a6 36. Rxh5 Rxa3 37. Rh8+ Kc7 38. Rh7 b4 39.
Rxg7+ Kc6 40. Rf7 Ra5 41. Rxf6+ Kc7 42. Rf1 b3 43. g4 b2 44. Rb1 Rb5 45. g5 Kd7
46. h4 Ke7 47. h5 Kf7 48. Rf1+ Kg8 49. Rb1 a5 50. h6 Kh7 51. Kh3 Rb4 0-1

[Event "CZECH OPEN 2011 "]
[Site "Pardubice (CZE)"]
[Date "2011.07.27"]
[Round "6.46"]
[White "Gonzalez Menendez, Ivan"]
[Black "Boruchovsky, Avital"]
[Result "1/2-1/2"]
[WhiteElo "2448"]
[BlackElo "2297"]
[PlyCount "42"]
[EventDate "2011.07.22"]

1. e4 e5 2. Nf3 Nc6 3. d4 exd4 4. Nxd4 g6 5. Nc3 Bg7 6. Be3 Nf6 7. Nxc6 bxc6 8.
Bd3 O-O 9. O-O d5 10. Bc5 Re8 11. Re1 Nd7 12. Ba3 Ne5 13. Bf1 Be6 14. h3 Qg5
15. exd5 cxd5 16. Re3 Rad8 17. Rg3 Qf5 18. Nb5 Nc4 19. Nxc7 Nxa3 20. Nxe8 Bxb2
21. Qf3 Qe5 1/2-1/2

[Event "CZECH OPEN 2011 "]
[Site "Pardubice (CZE)"]
[Date "2011.07.27"]
[Round "6.47"]
[White "Geske, Julian"]
[Black "Breder, Dennis"]
[Result "1-0"]
[WhiteElo "2337"]
[BlackElo "2443"]
[PlyCount "71"]
[EventDate "2011.07.22"]

1. e4 c5 2. Nf3 Nc6 3. d4 cxd4 4. Nxd4 e5 5. Nb5 d6 6. N1c3 a6 7. Na3 Be6 8.
Nc4 Rb8 9. Nd5 Bxd5 10. exd5 Nce7 11. Be2 Nf6 12. Ne3 g6 13. O-O Bg7 14. c4 Nd7
15. b4 b6 16. Ba3 O-O 17. Rc1 e4 18. c5 bxc5 19. bxc5 Nxc5 20. Bxc5 dxc5 21. d6
Nc6 22. Rxc5 Nd4 23. Rd5 Ne6 24. Bxa6 Nf4 25. Rd2 Rb6 26. Bc4 Bc3 27. Nd5 Bxd2
28. Nxb6 e3 29. Nd5 Nxd5 30. Bxd5 exf2+ 31. Kh1 Be1 32. Bc6 Qb6 33. Qd5 Qe3 34.
d7 Rd8 35. a4 h5 36. Qf3 1-0

[Event "CZECH OPEN 2011 "]
[Site "Pardubice (CZE)"]
[Date "2011.07.27"]
[Round "6.49"]
[White "Talla, Vladimir"]
[Black "Severiukhina, Zoja"]
[Result "1-0"]
[WhiteElo "2427"]
[BlackElo "2270"]
[PlyCount "69"]
[EventDate "2011.07.22"]

1. c4 g6 2. g3 Bg7 3. Bg2 d6 4. Nc3 e5 5. e4 Be6 6. d3 Nh6 7. Nge2 O-O 8. O-O
c6 9. h3 Qd7 10. Kh2 Na6 11. Be3 f5 12. Qd2 Nf7 13. exf5 gxf5 14. f4 Nh8 15. b3
Ng6 16. Rad1 Bf7 17. fxe5 dxe5 18. d4 e4 19. h4 Be8 20. Bh3 Qe6 21. Nf4 Nxf4
22. Rxf4 Bh5 23. Rg1 Qg6 24. Nxe4 fxe4 25. g4 Rxf4 26. Bxf4 e3 27. Qxe3 Re8 28.
Be5 Bh6 29. Qg3 c5 30. gxh5 Qxg3+ 31. Rxg3+ Kf7 32. Rf3+ Kg8 33. Rf6 Bg7 34.
Be6+ Kh8 35. h6 1-0

[Event "CZECH OPEN 2011 "]
[Site "Pardubice (CZE)"]
[Date "2011.07.27"]
[Round "6.50"]
[White "Potapov, Alexander"]
[Black "Yuffa, Daniil"]
[Result "0-1"]
[WhiteElo "2418"]
[BlackElo "2302"]
[PlyCount "86"]
[EventDate "2011.07.22"]

1. d4 Nf6 2. c4 g6 3. Nc3 Bg7 4. e4 d6 5. h3 O-O 6. Bg5 c5 7. d5 e6 8. Bd3 exd5
9. exd5 Nbd7 10. f4 Qa5 11. Kf2 a6 12. a4 Nh5 13. Nge2 f6 14. Bh4 Bh6 15. Qc2
f5 16. g3 Ndf6 17. Rae1 Bd7 18. Ng1 Bg7 19. Nf3 h6 20. Nh2 Ne4+ 21. Bxe4 fxe4
22. Kg2 Rae8 23. Ng4 Kh7 24. Ne3 Bd4 25. Kh2 Ng7 26. Nxe4 Nf5 27. Nxf5 Bxf5 28.
Re2 Rxe4 29. Rxe4 Re8 30. Rxe8 Bxc2 31. Re7+ Kg8 32. Re8+ Kf7 33. Rhe1 Be5 34.
Re7+ Kf8 35. Re2 Bd3 36. Rg2 g5 37. Rxb7 Be4 38. Re2 Bf3 39. Rb8+ Ke7 40. Rb7+
Kd8 41. b4 Qxa4 42. fxe5 Bxe2 43. bxc5 Qc2 0-1

[Event "CZECH OPEN 2011 "]
[Site "Pardubice (CZE)"]
[Date "2011.07.27"]
[Round "6.52"]
[White "Bystrov, Sergej"]
[Black "Sergienko, Sergey"]
[Result "0-1"]
[WhiteElo "2300"]
[BlackElo "2411"]
[PlyCount "79"]
[EventDate "2011.07.22"]

1. d4 Nf6 2. c4 e6 3. g3 c5 4. Nf3 cxd4 5. Nxd4 Bb4+ 6. Bd2 Qb6 7. Nb3 Ne4 8.
e3 Nxd2 9. N1xd2 O-O 10. Bg2 Nc6 11. O-O Be7 12. Ne4 Qc7 13. c5 b6 14. Qh5 bxc5
15. Nexc5 Qb6 16. Rfc1 a5 17. Na4 Qb4 18. Nbc5 Ra7 19. a3 Qb5 20. Qd1 Ne5 21.
Bf1 Qb8 22. Bg2 d5 23. Rab1 Nc4 24. e4 Rd8 25. Qc2 Rc7 26. exd5 exd5 27. Nb3
Bg5 28. f4 Bf6 29. Kh1 g6 30. Nbc5 Ne3 31. Qd2 Nxg2 32. Kxg2 Bf5 33. Qxa5 Bxb1
34. Rxb1 Re7 35. Qa6 Rd6 36. Qd3 Qe8 37. Nc3 Re3 38. Qb5 Qc8 39. Nb7 Rc6 40.
Rd1 0-1

[Event "CZECH OPEN 2011 "]
[Site "Pardubice (CZE)"]
[Date "2011.07.27"]
[Round "6.56"]
[White "Klek, Hanna-Marie"]
[Black "Romanko, Marina"]
[Result "0-1"]
[WhiteElo "2134"]
[BlackElo "2402"]
[PlyCount "80"]
[EventDate "2011.07.22"]

1. e4 c6 2. d4 d5 3. f3 e6 4. Nc3 Bb4 5. Bd2 Ne7 6. a3 Ba5 7. Bd3 Nd7 8. Nge2
O-O 9. exd5 exd5 10. b4 Bc7 11. Bg5 Nb6 12. O-O Bd6 13. Ng3 Qc7 14. Nce2 f6 15.
Bc1 a5 16. Rb1 Nc4 17. c3 Kh8 18. Kh1 Be6 19. Re1 Bf7 20. Bxc4 dxc4 21. Bf4 Bg6
22. Bxd6 Qxd6 23. Ne4 Qc7 24. Qd2 Nd5 25. Ra1 b6 26. N2g3 h6 27. Nf1 Nf4 28.
Ne3 Nd3 29. Rf1 b5 30. Nf2 Qa7 31. Rad1 Rfe8 32. Nxd3 cxd3 33. Rfe1 axb4 34.
axb4 Qa2 35. Qc1 Qb3 36. g3 Ra3 37. Ng2 Rxe1+ 38. Rxe1 Qxc3 39. Qxc3 Rxc3 40.
Nf4 d2 0-1

[Event "CZECH OPEN 2011 "]
[Site "Pardubice (CZE)"]
[Date "2011.07.27"]
[Round "6.65"]
[White "Seger, Ruediger"]
[Black "Ben, Artzi Ido"]
[Result "1-0"]
[WhiteElo "2390"]
[BlackElo "2264"]
[PlyCount "127"]
[EventDate "2011.07.22"]

1. e4 e5 2. Nf3 Nc6 3. Bb5 a6 4. Bxc6 dxc6 5. O-O f6 6. d4 Bg4 7. c3 Qe7 8.
dxe5 fxe5 9. Be3 Nf6 10. Nbd2 O-O-O 11. Qc2 h6 12. b4 Qe6 13. a4 b6 14. a5 b5
15. Rfc1 Rd7 16. Rab1 Bxf3 17. Nxf3 Ng4 18. Bd2 Be7 19. c4 Qxc4 20. Qxc4 bxc4
21. h3 Nf6 22. Rxc4 Rhd8 23. Rb2 g5 24. Kf1 Rd6 25. Ke2 Nd7 26. Rbc2 Kb7 27.
Be3 Bf6 28. Nd2 Be7 29. Nb3 Re6 30. R2c3 Rf6 31. Nc1 Rg6 32. Nd3 Re8 33. Rc1
Rd8 34. R4c2 Re8 35. Rd1 Re6 36. Rcd2 Nf6 37. f3 Nh5 38. Nc5+ Bxc5 39. Bxc5 Nf6
40. Be3 Rg8 41. Rd8 Rxd8 42. Rxd8 Nh5 43. Bc5 Nf6 44. Rh8 Nh5 45. Ke3 Nf4 46.
g3 Nh5 47. Kf2 Nf6 48. Bf8 Re8 49. Bg7 Rxh8 50. Bxh8 Nd7 51. g4 c5 52. bxc5
Nxc5 53. Ke3 Ne6 54. Bxe5 Kc6 55. f4 Kd7 56. f5 Nd8 57. Bg7 Ke7 58. e5 Nc6 59.
Ke4 Nxa5 60. Bxh6 Nc4 61. Bxg5+ Ke8 62. e6 a5 63. f6 Nd6+ 64. Kd5 1-0

[Event "CZECH OPEN 2011 "]
[Site "Pardubice (CZE)"]
[Date "2011.07.27"]
[Round "6.67"]
[White "Bracker, Arne"]
[Black "Gorbatov, Alexej"]
[Result "0-1"]
[WhiteElo "2263"]
[BlackElo "2375"]
[PlyCount "86"]
[EventDate "2011.07.22"]

1. d4 d6 2. Nf3 Nf6 3. c4 Bf5 4. Nc3 h6 5. g3 Nbd7 6. Bg2 c6 7. O-O e5 8. b3
Bh7 9. Bb2 Be7 10. c5 e4 11. cxd6 Bxd6 12. Nd2 Qe7 13. Nc4 Bb4 14. d5 Bxc3 15.
d6 Qe6 16. Bxc3 O-O 17. Bb2 a5 18. Rc1 b5 19. Ne3 Ra6 20. Qd2 Rc8 21. Rfd1 a4
22. b4 a3 23. Ba1 Rd8 24. h4 Ne8 25. Kh2 f5 26. Qc3 Qxa2 27. Bh3 Qf7 28. Rd2
Kh8 29. Ng2 Ndf6 30. Qe5 Nd5 31. Nf4 Nxd6 32. Nxd5 Nc4 33. Rxc4 bxc4 34. Nf4
Rxd2 35. Qb8+ Bg8 36. h5 c5 37. bxc5 a2 38. Qc8 Rad6 39. Qa8 Rd1 40. Ng6+ Rxg6
41. hxg6 Qd5 42. Qxa2 Qxc5 43. e3 c3 0-1

[Event "CZECH OPEN 2011 "]
[Site "Pardubice (CZE)"]
[Date "2011.07.27"]
[Round "6.68"]
[White "Kulhanek, Tomas"]
[Black "Goikhman, Valentin"]
[Result "1-0"]
[WhiteElo "2375"]
[BlackElo "2256"]
[PlyCount "47"]
[EventDate "2011.07.22"]

1. e4 Nf6 2. e5 Nd5 3. d4 d6 4. Nf3 Bg4 5. Be2 e6 6. h3 Bxf3 7. Bxf3 dxe5 8. c4
Nb6 9. Bxb7 exd4 10. Bxa8 Nxa8 11. Qa4+ Nd7 12. O-O Nab6 13. Qxa7 Bc5 14. Qa6
O-O 15. Nd2 e5 16. a4 Qa8 17. Qxa8 Rxa8 18. b3 Bb4 19. Ne4 f5 20. Bd2 Bxd2 21.
Nxd2 Ra5 22. b4 Rxa4 23. Rxa4 Nxa4 24. Ra1 1-0

[Event "CZECH OPEN 2011 "]
[Site "Pardubice (CZE)"]
[Date "2011.07.27"]
[Round "6.70"]
[White "Dann, Matthias"]
[Black "Migot, Tangi"]
[Result "1/2-1/2"]
[WhiteElo "2373"]
[BlackElo "2254"]
[PlyCount "59"]
[EventDate "2011.07.22"]

1. e4 c5 2. Ne2 d6 3. g3 Nc6 4. Bg2 g6 5. c3 Bg7 6. d4 cxd4 7. cxd4 e5 8. d5
Nb8 9. O-O Nf6 10. Nbc3 O-O 11. h3 a5 12. Be3 Na6 13. a3 Bd7 14. Na4 b5 15. Nb6
Rb8 16. Nxd7 Nxd7 17. Rc1 Ndc5 18. b4 axb4 19. axb4 Nxb4 20. Bxc5 dxc5 21. Rxc5
Qb6 22. Rc3 Rfc8 23. Qb3 Bf8 24. Kh2 Na6 25. f4 Nc5 26. Qb1 Bg7 27. Rcf3 Rb7
28. Nc1 b4 29. Nb3 Na4 30. Rd3 1/2-1/2

[Event "CZECH OPEN 2011 "]
[Site "Pardubice (CZE)"]
[Date "2011.07.27"]
[Round "6.71"]
[White "Folk, Petr"]
[Black "Sabol, Marian"]
[Result "1/2-1/2"]
[WhiteElo "2257"]
[BlackElo "2372"]
[PlyCount "30"]
[EventDate "2011.07.22"]

1. e4 c6 2. d4 g6 3. Nc3 d5 4. h3 Bg7 5. Nf3 Nf6 6. e5 Nfd7 7. Bd3 Nf8 8. Ne2
Ne6 9. O-O O-O 10. c4 f6 11. Re1 fxe5 12. Nxe5 Nd7 13. Ng4 Nf6 14. Ne5 Nd7 15.
Ng4 Nf6 1/2-1/2

[Event "CZECH OPEN 2011 "]
[Site "Pardubice (CZE)"]
[Date "2011.07.27"]
[Round "6.72"]
[White "Swan, Iain"]
[Black "Andre, Gordon"]
[Result "1/2-1/2"]
[WhiteElo "2248"]
[BlackElo "2368"]
[PlyCount "120"]
[EventDate "2011.07.22"]

1. e4 c6 2. d4 d5 3. exd5 cxd5 4. c4 Nf6 5. Nc3 Nc6 6. Bg5 e6 7. Nf3 Be7 8. c5
O-O 9. Bb5 h6 10. Bh4 Ne4 11. Bxe7 Nxe7 12. Qc2 f5 13. a3 Bd7 14. Bxd7 Qxd7 15.
Ne5 Qc7 16. b4 Nc6 17. Nxc6 bxc6 18. f3 Nxc3 19. Qxc3 Rae8 20. O-O e5 21. dxe5
Qxe5 22. Qxe5 Rxe5 23. Rfe1 Rxe1+ 24. Rxe1 Kf7 25. f4 Rb8 26. Kf2 a5 27. Rb1
axb4 28. axb4 Ke6 29. Ke3 Kd7 30. g3 Kc7 31. Kd3 Ra8 32. Kd4 Re8 33. b5 Re4+
34. Kd3 cxb5 35. Rxb5 Kc6 36. Ra5 Rb4 37. Ra7 g5 38. fxg5 hxg5 39. Rg7 Rg4 40.
Rf7 f4 41. gxf4 gxf4 42. Kd4 f3+ 43. Kd3 Kxc5 44. Rxf3 Rd4+ 45. Kc2 Ra4 46. h3
Kc4 47. Rg3 Ra2+ 48. Kd1 Rf2 49. Ke1 Ra2 50. Kd1 d4 51. Kc1 Ra1+ 52. Kd2 Rf1
53. Ke2 Rh1 54. Kd2 Rh2+ 55. Kd1 Kd5 56. Rg5+ Ke4 57. Rg4+ Ke3 58. Rg3+ Ke4 59.
Rg4+ Kd3 60. Rg3+ Kc4 1/2-1/2

[Event "CZECH OPEN 2011 "]
[Site "Pardubice (CZE)"]
[Date "2011.07.27"]
[Round "6.73"]
[White "Prieto Aranguren, Alain"]
[Black "Kireev, Aleksei"]
[Result "1-0"]
[WhiteElo "2243"]
[BlackElo "2360"]
[PlyCount "81"]
[EventDate "2011.07.22"]

1. e4 d6 2. d4 g6 3. c4 e5 4. Nf3 Bg7 5. Nc3 c6 6. Bg5 f6 7. Be3 Nh6 8. h3 Nd7
9. Qd2 Nf7 10. g4 Qe7 11. O-O-O a6 12. d5 c5 13. Be2 Rb8 14. h4 Nb6 15. Rdg1
Na8 16. h5 g5 17. Nh2 Bd7 18. Nf1 h6 19. Ng3 Qd8 20. Nd1 b5 21. Qc2 Qa5 22. Kb1
bxc4 23. Bd2 Qc7 24. Ne3 Nb6 25. Ngf5 Bf8 26. Nxc4 Nxc4 27. Bxc4 Bb5 28. Rh3
Nd8 29. Ra3 Qb7 30. Bc1 Rh7 31. Rgg3 Qc8 32. Qe2 Rc7 33. Rgb3 Bxc4 34. Qxc4 Rb4
35. Qxa6 Rxe4 36. Nxd6+ Bxd6 37. Qxd6 Nf7 38. Qxf6 Rd4 39. Rb6 Rxd5 40. Re6+
Kf8 41. Rf3 1-0

[Event "CZECH OPEN 2011 "]
[Site "Pardubice (CZE)"]
[Date "2011.07.27"]
[Round "6.2"]
[White "Zakhartsov, Viacheslav V"]
[Black "Shanava, Konstantine"]
[Result "1/2-1/2"]
[WhiteElo "2578"]
[BlackElo "2535"]
[PlyCount "77"]
[EventDate "2011.07.22"]

1. d4 d6 2. Nf3 Bg4 3. c4 Nd7 4. Qb3 Rb8 5. h3 Bxf3 6. Qxf3 g6 7. Nc3 Bg7 8.
Qd3 c5 9. dxc5 Nxc5 10. Qc2 Nf6 11. e3 O-O 12. Be2 d5 13. O-O dxc4 14. Bxc4 Rc8
15. Bd2 Ne8 16. Rfd1 Nd6 17. Bd5 b5 18. Rac1 a5 19. Be1 Qb6 20. Qb1 e6 21. Bf3
b4 22. Ne2 Na4 23. Nd4 Nb5 24. Nxb5 Qxb5 25. Rxc8 Rxc8 26. b3 Nc3 27. Qc2 Bf6
28. Bxc3 bxc3 29. Be4 Kg7 30. g3 h5 31. Kg2 h4 32. g4 Rc7 33. Bf3 Qb4 34. Be4
Qa3 35. Bd3 Rd7 36. Be4 Rc7 37. Bd3 Qb2 38. Rb1 Qa3 39. Ra1 1/2-1/2

[Event "CZECH OPEN 2011 "]
[Site "Pardubice (CZE)"]
[Date "2011.07.27"]
[Round "6.3"]
[White "Kononenko, Dmitry"]
[Black "Kalod, Radek"]
[Result "1-0"]
[WhiteElo "2593"]
[BlackElo "2500"]
[PlyCount "109"]
[EventDate "2011.07.22"]

1. e4 e5 2. Nf3 Nc6 3. Bb5 a6 4. Ba4 Nf6 5. O-O Be7 6. Re1 b5 7. Bb3 d6 8. c3
O-O 9. h3 a5 10. d4 a4 11. Bc2 Bd7 12. Nbd2 Re8 13. Nf1 Bf8 14. Ng3 h6 15. Bd2
Na5 16. b3 axb3 17. axb3 c5 18. d5 Qc7 19. Nh2 Rec8 20. f4 c4 21. b4 Nb7 22. f5
Qd8 23. Nh5 Be7 24. Nxf6+ Bxf6 25. Nf3 Rxa1 26. Qxa1 Ra8 27. Qc1 Bh4 28. Nxh4
Qxh4 29. Kh2 Nd8 30. Rf1 Ra2 31. Bb1 Ra8 32. g3 Qh5 33. g4 Qh4 34. Be1 Qg5 35.
Bd2 Qh4 36. Kg2 Kh7 37. Be1 Qg5 38. Bd2 Qh4 39. Qd1 Qe7 40. f6 gxf6 41. Kh2 Nb7
42. Qc1 Rh8 43. Bc2 Nd8 44. Be1 Rg8 45. Bh4 Rg6 46. Qa3 Kg7 47. Qa7 Kf8 48. Qb8
Kg7 49. Bd1 Kh7 50. Qc7 Kg7 51. Rf2 Kf8 52. Ra2 h5 53. gxh5 Rg8 54. Ra7 Ke8 55.
Bg4 1-0

[Event "CZECH OPEN 2011 "]
[Site "Pardubice (CZE)"]
[Date "2011.07.27"]
[Round "6.4"]
[White "Arun Prasad, S."]
[Black "Jovanovic, Zoran"]
[Result "0-1"]
[WhiteElo "2489"]
[BlackElo "2577"]
[PlyCount "94"]
[EventDate "2011.07.22"]

1. d4 Nf6 2. c4 g6 3. g3 c5 4. d5 b5 5. cxb5 Qa5+ 6. Nc3 a6 7. bxa6 Ne4 8. Qa4
Qxa4 9. Nxa4 Rxa6 10. Nc3 Nxc3 11. bxc3 Bg7 12. Kd2 Ra4 13. a3 Ba6 14. Rb1 O-O
15. Nf3 d6 16. e3 Bxf1 17. Rxf1 Nd7 18. Kd3 Rfa8 19. c4 Kf8 20. Rd1 Ke8 21. Rd2
Kd8 22. Rc2 Kc7 23. Nd2 Nb6 24. f4 e6 25. dxe6 fxe6 26. Nf3 Bf6 27. e4 Kc6 28.
g4 Rf8 29. Rb3 h6 30. Rb1 Bg5 31. fxg5 Rxf3+ 32. Ke2 Rh3 33. gxh6 Rxh2+ 34. Kd3
Rh3+ 35. Ke2 Rh2+ 36. Kd3 Rh3+ 37. Ke2 Nxc4 38. g5 Ne5 39. Rb4 Ra8 40. Bf4 Nd3
41. Be3 Rh2+ 42. Kxd3 Rxa3+ 43. Rc3 Rxc3+ 44. Kxc3 cxb4+ 45. Kxb4 Rh4 46. Kc3
Rxe4 47. Kd3 Rh4 0-1

[Event "CZECH OPEN 2011 "]
[Site "Pardubice (CZE)"]
[Date "2011.07.27"]
[Round "6.5"]
[White "Baryshpolets, Andrey"]
[Black "Arutinian, David"]
[Result "1/2-1/2"]
[WhiteElo "2474"]
[BlackElo "2562"]
[PlyCount "20"]
[EventDate "2011.07.22"]

1. d4 Nf6 2. c4 e6 3. Nf3 Bb4+ 4. Bd2 Bxd2+ 5. Qxd2 d5 6. Nc3 O-O 7. e3 Qe7 8.
Bd3 dxc4 9. Bxc4 c5 10. O-O Rd8 1/2-1/2

[Event "CZECH OPEN 2011 "]
[Site "Pardubice (CZE)"]
[Date "2011.07.27"]
[Round "6.6"]
[White "Chernyshov, Konstantin"]
[Black "Saric, Ante"]
[Result "1-0"]
[WhiteElo "2552"]
[BlackElo "2483"]
[PlyCount "83"]
[EventDate "2011.07.22"]

1. b3 e5 2. Bb2 Nc6 3. e3 Nf6 4. Bb5 Bd6 5. Na3 e4 6. Bxc6 dxc6 7. Nc4 Be7 8.
Ne2 h5 9. d3 h4 10. dxe4 Qxd1+ 11. Rxd1 Nxe4 12. f3 Nd6 13. Ne5 Nf5 14. Rd3 Bc5
15. Ng4 h3 16. g3 f6 17. e4 Ne7 18. Ne3 Kf7 19. Bd4 Bb6 20. c4 Rd8 21. Kd2 c5
22. Bc3 Be6 23. Rd1 Rxd3+ 24. Kxd3 Nc6 25. Kc2 Ne5 26. Bxe5 fxe5 27. Nc1 c6 28.
Nd3 Kf6 29. Rf1 g6 30. Ng4+ Bxg4 31. fxg4+ Kg7 32. Kd2 Re8 33. Ke2 a5 34. a4
Ba7 35. Nf2 b5 36. Nxh3 bxc4 37. bxc4 Rb8 38. Ng5 Rb2+ 39. Kd3 Bb8 40. Ne6+ Kh6
41. Rf7 g5 42. Nf8 1-0

[Event "CZECH OPEN 2011 "]
[Site "Pardubice (CZE)"]
[Date "2011.07.27"]
[Round "6.7"]
[White "Danin, Alexandre"]
[Black "Semcesen, Daniel"]
[Result "1/2-1/2"]
[WhiteElo "2538"]
[BlackElo "2480"]
[PlyCount "59"]
[EventDate "2011.07.22"]

1. e4 e5 2. Nf3 Nc6 3. d4 exd4 4. Nxd4 Nf6 5. Nxc6 bxc6 6. e5 Qe7 7. Qe2 Nd5 8.
c4 Nb6 9. Nd2 a5 10. b3 a4 11. Bb2 axb3 12. axb3 Rxa1+ 13. Bxa1 Qa3 14. Qd1 Bb4
15. Bd3 Qa5 16. Ke2 d6 17. Nf3 Bg4 18. Qc2 dxe5 19. Rd1 g6 20. Be4 O-O 21. h3
Bxf3+ 22. Bxf3 Qc5 23. Qe4 Ra8 24. Kf1 f6 25. Bb2 Ra2 26. Rd8+ Kg7 27. Qb1 Ra7
28. Qe4 Ra2 29. Qb1 Ra7 30. Qe4 1/2-1/2

[Event "CZECH OPEN 2011 "]
[Site "Pardubice (CZE)"]
[Date "2011.07.27"]
[Round "6.8"]
[White "Friedel, Joshua E"]
[Black "Dzhakaev, Dzhakay"]
[Result "0-1"]
[WhiteElo "2531"]
[BlackElo "2478"]
[PlyCount "84"]
[EventDate "2011.07.22"]

1. e4 d5 2. exd5 Qxd5 3. Nc3 Qa5 4. g3 Nf6 5. Bg2 c6 6. Nge2 Bf5 7. b4 Qc7 8.
Rb1 e5 9. d3 Bd6 10. O-O O-O 11. f4 exf4 12. Bxf4 Bxf4 13. Rxf4 Bg6 14. b5 Nbd7
15. bxc6 bxc6 16. Nd4 Ne5 17. Nxc6 Nxc6 18. Rc4 Rac8 19. Rxc6 Qd7 20. Rxf6 gxf6
21. Nd5 Qd6 22. c4 Rb8 23. Rb3 Qc5+ 24. Kh1 Rxb3 25. axb3 Qd4 26. c5 Rd8 27.
Nf4 Qxc5 28. h4 Kh8 29. Kh2 Qe5 30. b4 Rd4 31. Qf3 Rxb4 32. h5 Rxf4 33. Qxf4
Qxf4 34. gxf4 Bxd3 35. Kg3 a5 36. Kf2 a4 37. Ke3 a3 38. Bd5 Bb1 39. h6 Kg8 40.
Kd4 Bf5 41. Kc3 Be6 42. Bf3 f5 0-1

[Event "CZECH OPEN 2011 "]
[Site "Pardubice (CZE)"]
[Date "2011.07.27"]
[Round "6.9"]
[White "Stupak, Kirill"]
[Black "Rasik, Vitezslav"]
[Result "1-0"]
[WhiteElo "2530"]
[BlackElo "2475"]
[PlyCount "103"]
[EventDate "2011.07.22"]

1. d4 d6 2. e4 Nf6 3. Nc3 g6 4. Nge2 Bg7 5. g3 O-O 6. Bg2 e5 7. O-O c6 8. a4 a5
9. h3 Na6 10. Be3 Nb4 11. Qd2 Be6 12. Rad1 Bc4 13. b3 Ba6 14. Rfe1 Qc7 15. Nc1
Rad8 16. Nb1 exd4 17. Bxd4 c5 18. Bxf6 Bxf6 19. c3 Nc6 20. Nd3 Bxd3 21. Qxd3
Ne5 22. Qb5 c4 23. Na3 Qc5 24. Qxc5 dxc5 25. bxc4 Nd3 26. Re3 Nb2 27. Rc1 Rd1+
28. Rxd1 Nxd1 29. Re1 Nxc3 30. e5 Bg7 31. Bxb7 Rb8 32. Bd5 Nxa4 33. Nb5 Nb6 34.
Nd6 Nxd5 35. cxd5 Rd8 36. f4 a4 37. Rd1 a3 38. Nb7 Rb8 39. d6 Bf8 40. d7 Be7
41. Na5 Kf8 42. Nc6 Ra8 43. Kf2 a2 44. Ra1 f6 45. e6 f5 46. Ke3 Bf6 47. g4 Bxa1
48. d8=Q+ Rxd8 49. e7+ Kf7 50. exd8=Q Bd4+ 51. Nxd4 a1=Q 52. Qd7+ 1-0

[Event "CZECH OPEN 2011 "]
[Site "Pardubice (CZE)"]
[Date "2011.07.27"]
[Round "6.10"]
[White "Tate, Alan"]
[Black "Teske, Henrik"]
[Result "1/2-1/2"]
[WhiteElo "2342"]
[BlackElo "2529"]
[PlyCount "38"]
[EventDate "2011.07.22"]

1. e4 c6 2. c4 d5 3. cxd5 cxd5 4. exd5 Nf6 5. Qa4+ Nbd7 6. Nc3 g6 7. Nf3 Bg7 8.
Bc4 O-O 9. d3 a6 10. Qa3 Nb6 11. Qb3 Nxc4 12. dxc4 b5 13. O-O bxc4 14. Qxc4 e6
15. Bg5 exd5 16. Qf4 Bb7 17. Rad1 Qb8 18. Qxb8 Raxb8 19. Bf4 Rbc8 1/2-1/2

[Event "CZECH OPEN 2011 "]
[Site "Pardubice (CZE)"]
[Date "2011.07.27"]
[Round "6.11"]
[White "Jaracz, Pawel"]
[Black "Lokander, Martin"]
[Result "1-0"]
[WhiteElo "2575"]
[BlackElo "2044"]
[PlyCount "115"]
[EventDate "2011.07.22"]

1. c4 Nf6 2. Nf3 g6 3. b4 Bg7 4. Bb2 O-O 5. e3 c6 6. Be2 d5 7. Qb3 a5 8. b5
Nbd7 9. a4 dxc4 10. Qxc4 Nb6 11. Qh4 Bf5 12. bxc6 bxc6 13. O-O Bd3 14. Bxd3
Qxd3 15. Rc1 Rfc8 16. Ra3 Qd6 17. Be5 Qb4 18. Bc3 Qd6 19. Be5 Qb4 20. Bc3 Qd6
21. e4 Qc5 22. d3 e6 23. Qf4 Qe7 24. Qd2 Qa7 25. Bd4 Nfd7 26. Bxg7 Kxg7 27. h4
h5 28. Qb2+ Kg8 29. Nbd2 Rab8 30. Qc3 c5 31. Ra2 Qa6 32. Qa3 Rb7 33. Rac2 Rbc7
34. Nf1 Qb7 35. Ne3 c4 36. Nxc4 Nxc4 37. Rxc4 Rxc4 38. Rxc4 Rxc4 39. dxc4 Qb1+
40. Kh2 Qxe4 41. Qd6 Nf6 42. Qd8+ Kg7 43. Qd4 Qxd4 44. Nxd4 Ne4 45. Nb3 Nc3 46.
Kg3 Nxa4 47. Nxa5 Kf6 48. Kf4 e5+ 49. Ke3 Ke6 50. f4 exf4+ 51. Kxf4 f6 52. Nb3
Kd6 53. Nd2 Nc5 54. Ne4+ Nxe4 55. Kxe4 Kc5 56. Kd3 g5 57. hxg5 fxg5 58. Ke4 1-0